[Event "5th Lost Boys it"]
[Site "Antwerp BEL"]
[Date "1997.08.01"]
[Round "1"]
[White "Piket, Jeroen"]
[Black "Ye Rongguang"]
[Result "1/2-1/2"]
[WhiteElo "2630"]
[BlackElo "2500"]
[EventDate "1997.08.01"]
[PlyCount "62"]

1.d4 d5 2.Nf3 a6 3.g3 Nf6 4.Bg2 c6 5.O-O Bg4 6.Ne5 Bh5 7.c4 e6 8.b3 Nbd7 
9.Nd3 Bd6 10.Nc3 Bg6 11.Bf4 Qb8 12.e3 O-O 13.Rc1 Rd8 14.c5 Bc7 15.Bxc7 
Qxc7 16.b4 e5 17.a4 Ne4 18.Ne2 Nef6 19.h3 h6 20.Qb3 Re8 21.Rfd1 exd4 22.
Nxd4 Be4 23.b5 Bxd3 24.Qxd3 cxb5 25.axb5 Nxc5 26.Qa3 b6 27.bxa6 Rxa6 28.
Qxa6 Nxa6 29.Rxc7 Nxc7 30.Rb1 Nd7 31.Nb5 Nxb5 1/2-1/2

[Event "5th Lost Boys it"]
[Site "Antwerp BEL"]
[Date "1997.08.01"]
[Round "1"]
[White "Sokolov, Ivan"]
[Black "Van Wely, Loek"]
[Result "1/2-1/2"]
[WhiteElo "2635"]
[BlackElo "2655"]
[EventDate "1997.08.01"]
[PlyCount "40"]

1.d4 Nf6 2.Nf3 e6 3.c4 d5 4.Nc3 dxc4 5.e4 Bb4 6.Bg5 c5 7.Bxc4 cxd4 8.Nxd4 
Bxc3+ 9.bxc3 Qa5 10.Bb5+ Bd7 11.Bxf6 gxf6 12.Qb3 a6 13.Be2 Nc6 14.O-O Qc7 
15.Bh5 O-O 16.Rad1 Kh8 17.f4 Rac8 18.Kh1 Nxd4 19.cxd4 Bb5 20.Rf2 Qc3 
1/2-1/2

[Event "5th Lost Boys it"]
[Site "Antwerp BEL"]
[Date "1997.08.01"]
[Round "1"]
[White "Topalov, Veselin"]
[Black "Van der Sterren, Paul"]
[Result "1-0"]
[WhiteElo "2745"]
[BlackElo "2555"]
[EventDate "1997.08.01"]
[PlyCount "109"]

1.e4 e5 2.Nf3 Nc6 3.Bb5 a6 4.Ba4 Nf6 5.O-O Be7 6.Re1 b5 7.Bb3 d6 8.c3 O-O 
9.h3 Nb8 10.d4 Nbd7 11.Nbd2 Bb7 12.Bc2 Re8 13.Nf1 Bf8 14.Ng3 g6 15.a4 c5 
16.d5 c4 17.Bg5 h6 18.Be3 Nc5 19.Qd2 h5 20.Bg5 Be7 21.Ra3 Rb8 22.Rea1 Nh7 
23.Be3 Bf6 24.Ne2 Nf8 25.Nc1 Nfd7 26.axb5 axb5 27.b4 cxb3 28.Nxb3 Qc7 29.
Nxc5 Nxc5 30.Qe2 Bc8 31.Ra7 Qd8 32.R1a5 Re7 33.Rxe7 Bxe7 34.Rxb5 Ba6 35.
Rxb8 Qxb8 36.Qd1 Qc7 37.Qa1 Bc8 38.Qa3 Nd7 39.Nd2 Kg7 40.Ba4 f5 41.Bxd7 
Bxd7 42.Qb4 Bc8 43.c4 Ba6 44.Qa4 Qc8 45.f3 Kf7 46.Kf1 Bh4 47.Ke2 Kg7 48.
Qb4 Qc7 49.Kd1 Bd8 50.Kc2 f4 51.Bf2 Qa5 52.Qxd6 Qa2+ 53.Kc1 Qa1+ 54.Nb1 
Ba5 55.Qa3 1-0

[Event "5th Lost Boys it"]
[Site "Antwerp BEL"]
[Date "1997.08.02"]
[Round "2"]
[White "Novikov, Igor"]
[Black "Topalov, Veselin"]
[Result "1/2-1/2"]
[WhiteElo "2590"]
[BlackElo "2745"]
[EventDate "1997.08.01"]
[PlyCount "46"]

1.d4 Nf6 2.c4 g6 3.Nc3 Bg7 4.e4 d6 5.f3 O-O 6.Bg5 a6 7.Qd2 c5 8.Nge2 Nc6 
9.d5 Ne5 10.Ng3 b5 11.cxb5 Qb6 12.a4 axb5 13.Bxb5 Ba6 14.O-O Qa5 15.Bxa6 
Rxa6 16.Nb5 Qxd2 17.Bxd2 Nc4 18.Bc3 Nd7 19.Bxg7 Kxg7 20.Rfb1 Nd2 21.Rd1 
Nb3 22.Ra3 c4 23.Nf1 Ndc5 1/2-1/2

[Event "5th Lost Boys it"]
[Site "Antwerp BEL"]
[Date "1997.08.02"]
[Round "2"]
[White "Van der Sterren, Paul"]
[Black "Sokolov, Ivan"]
[Result "1-0"]
[WhiteElo "2555"]
[BlackElo "2635"]
[EventDate "1997.08.01"]
[PlyCount "89"]

1.Nf3 c5 2.c4 Nc6 3.Nc3 g6 4.e3 Bg7 5.d4 Nf6 6.d5 Na5 7.e4 d6 8.h3 O-O 9.
Bd3 b6 10.Bg5 Ba6 11.b3 Ne8 12.Qd2 Rb8 13.Rb1 Qd7 14.g4 Nc7 15.Ne2 e6 16.
Kf1 Rbe8 17.Rg1 Nb7 18.a4 Nd8 19.Be3 Bb7 20.h4 Na6 21.Rd1 Nb4 22.Bb1 exd5 
23.exd5 a6 24.h5 Rxe3 25.Qxe3 Re8 26.Qd2 b5 27.Nc3 bxc4 28.bxc4 Bc8 29.Rg3
Nb7 30.h6 Bh8 31.Ne4 Rf8 32.Re1 Qxa4 33.g5 Bf5 34.Kg2 Qd7 35.Nh4 Bxe4+ 36.
Rxe4 a5 37.Qe2 Be5 38.f4 f5 39.Rxe5 dxe5 40.fxe5 f4 41.e6 Qe7 42.Rg4 a4 
43.Qe5 f3+ 44.Kf1 a3 45.Nxg6 1-0

[Event "5th Lost Boys it"]
[Site "Antwerp BEL"]
[Date "1997.08.05"]
[Round "4"]
[White "Novikov, Igor"]
[Black "Van Wely, Loek"]
[Result "1/2-1/2"]
[WhiteElo "2590"]
[BlackElo "2655"]
[EventDate "1997.08.01"]
[PlyCount "54"]

1.d4 Nf6 2.c4 g6 3.Nc3 Bg7 4.e4 d6 5.f3 O-O 6.Bg5 c5 7.d5 e6 8.Qd2 exd5 9.
cxd5 a6 10.a4 h6 11.Bxh6 Nxe4 12.Nxe4 Qh4+ 13.g3 Qxh6 14.Qxh6 Bxh6 15.Nxd6
Nd7 16.Bh3 f5 17.f4 Nb6 18.Nf3 Bg7 19.Ne5 Bxe5 20.fxe5 Nxd5 21.O-O-O Be6 
22.Rhe1 Nb4 23.Nxb7 Rab8 24.Bg2 f4 25.Be4 f3 26.Rf1 f2 27.Rd6 Bc4 1/2-1/2

[Event "5th Lost Boys it"]
[Site "Antwerp BEL"]
[Date "1997.08.07"]
[Round "5"]
[White "Sokolov, Ivan"]
[Black "Kortschnoj, Viktor"]
[Result "1/2-1/2"]
[WhiteElo "2635"]
[BlackElo "2610"]
[EventDate "1997.08.01"]
[PlyCount "90"]

1.d4 d5 2.c4 dxc4 3.Nf3 Nf6 4.e3 e6 5.Bxc4 c5 6.O-O a6 7.Bb3 cxd4 8.exd4 
Nc6 9.Nc3 Be7 10.Re1 O-O 11.a3 Qa5 12.Bd2 Qh5 13.Bg5 h6 14.Bxf6 Bxf6 15.
Ne4 Be7 16.Rc1 Qa5 17.Rc3 Rd8 18.Rd3 Bd7 19.Bc2 Be8 20.b4 Qb6 21.d5 exd5 
22.Rxd5 a5 23.Qd3 g6 24.Bb3 axb4 25.Nd6 Kg7 26.Nxe8+ Rxe8 27.Qc4 Qa6 28.
Rb5 Rf8 29.axb4 Rac8 30.Qf1 Bf6 31.Bc4 Qa7 32.Bd5 Rc7 33.g3 Nd4 34.Nxd4 
Bxd4 35.Kg2 Rd8 36.Rc1 Rcd7 37.Bf3 b6 38.Rc2 Qa4 39.Qc4 Qa1 40.Rd5 Rxd5 
41.Bxd5 Rd7 42.Rd2 Bf6 43.Qb5 Qa7 44.Rc2 Rd6 45.h4 Qe7 1/2-1/2

[Event "5th Lost Boys it"]
[Site "Antwerp BEL"]
[Date "1997.08.08"]
[Round "6"]
[White "Piket, Jeroen"]
[Black "Van der Sterren, Paul"]
[Result "1/2-1/2"]
[WhiteElo "2630"]
[BlackElo "2555"]
[EventDate "1997.08.01"]
[PlyCount "110"]

1.d4 Nf6 2.c4 e6 3.Nf3 d5 4.Nc3 Be7 5.Bg5 h6 6.Bh4 O-O 7.Rc1 dxc4 8.e3 c5 
9.Bxc4 cxd4 10.Nxd4 Bd7 11.Bg3 Nc6 12.Ndb5 a6 13.Nd6 b5 14.Be2 Qb6 15.a4 
b4 16.Nb1 Na5 17.Nxf7 Bc6 18.Ne5 Bxg2 19.Rg1 Rad8 20.Nd2 Ne4 21.Bd3 Nxd2 
22.Rxg2 Qb7 23.Rg1 Nab3 24.Qg4 Rxd3 25.Qxe6+ Kh7 26.Qg6+ Kh8 27.Rc6 Rd5 
28.Qe6 Rxe5 29.Bxe5 Nf3+ 30.Kd1 Bg5 31.Rxg5 Nxg5 32.Qxh6+ Nh7 33.f4 Na5 
34.Qxg7+ Qxg7 35.Bxg7+ Kxg7 36.Rxa6 Nc4 37.Ra7+ Rf7 38.Rxf7+ Kxf7 39.Kc2 
Na5 40.Kd3 Ke6 41.Kd4 Kd7 42.Kc5 Nc6 43.a5 Nf6 44.a6 Ne4+ 45.Kd5 Nc3+ 46.
Kc4 Nd1 47.a7 Nxa7 48.Kxb4 Nxb2 49.h4 Ke6 50.h5 Nc6+ 51.Kb5 Nd8 52.h6 Kf5 
53.e4+ Kxf4 54.h7 Nf7 55.e5 Kxe5 1/2-1/2

[Event "5th Lost Boys it"]
[Site "Antwerp BEL"]
[Date "1997.08.10"]
[Round "7"]
[White "Van Wely, Loek"]
[Black "Topalov, Veselin"]
[Result "0-1"]
[WhiteElo "2655"]
[BlackElo "2745"]
[EventDate "1997.08.01"]
[PlyCount "70"]

1.d4 Nf6 2.c4 e6 3.Nf3 c5 4.d5 d6 5.Nc3 exd5 6.cxd5 g6 7.e4 a6 8.a4 Bg4 9.
Qb3 Bxf3 10.Qxb7 Nbd7 11.gxf3 Bg7 12.Bf4 Rb8 13.Qxa6 Nh5 14.Bc1 O-O 15.Be2
Be5 16.h4 Nf4 17.Bb5 f5 18.Bxf4 Bxf4 19.Bxd7 Qxd7 20.Qe2 Be5 21.Nb5 Kh8 
22.O-O-O fxe4 23.fxe4 Qd8 24.Rd3 Qa5 25.Ra3 Qb4 26.f3 c4 27.Qc2 Rfc8 28.
Rf1 Rf8 29.Kb1 Ra8 30.Rc1 Rf4 31.Qe2 Rc8 32.Na7 c3 33.Qb5 c2+ 34.Ka2 Qd2 
35.Qf1 Qd4 0-1